University Physics (Record no. 7655)
[ view plain ]
| 000 -LEADER | |
|---|---|
| fixed length control field | 00517 a2200193 4500 |
| 020 ## - INTERNATIONAL STANDARD BOOK NUMBER | |
| International Standard Book Number | 0201640457 |
| 040 ## - CATALOGING SOURCE | |
| Original cataloging agency | DLC |
| Language of cataloging | DLC |
| 082 ## - DEWEY DECIMAL CLASSIFICATION NUMBER | |
| Classification number | 530 |
| 100 ## - MAIN ENTRY--PERSONAL NAME | |
| Personal name | Young, Hugh D. |
| 245 ## - TITLE STATEMENT | |
| Title | University Physics |
| Statement of responsibility, etc. | Young, Hugh D. |
| Medium | Book |
| 250 ## - EDITION STATEMENT | |
| Edition statement | 9th ed. |
| 260 ## - PUBLICATION, DISTRIBUTION, ETC. | |
| Place of publication, distribution, etc. | Reading, Mass. |
| Name of publisher, distributor, etc. | : Addison-Wesley, |
| Date of publication, distribution, etc. | c1996. |
| 300 ## - PHYSICAL DESCRIPTION | |
| Extent | xix, 1259 p. ; |
| Other physical details | : ill. |
| Dimensions | 26 cm. |
| 440 ## - SERIES STATEMENT/ADDED ENTRY--TITLE | |
| Title | Addison-Wesley series in physics |
| 500 ## - GENERAL NOTE | |
| General note | Includes Index |
| 650 ## - SUBJECT ADDED ENTRY--TOPICAL TERM | |
| Topical term or geographic name entry element | Physics. |
| 700 ## - ADDED ENTRY--PERSONAL NAME | |
| Personal name | Freedman, Roger A. |
| 942 ## - ADDED ENTRY ELEMENTS (KOHA) | |
| Koha item type | Book |
| Call number prefix | 530 YOU |
| Source of classification or shelving scheme | |
| Withdrawn status | Lost status | Damaged status | Not for loan | Collection code | Permanent Location | Current Location | Shelving location | Date acquired | Source of acquisition | Cost, normal purchase price | Total Checkouts | Total Renewals | Full call number | Barcode | Date last seen | Date last checked out | Price effective from | Koha item type | Checked out |
|---|---|---|---|---|---|---|---|---|---|---|---|---|---|---|---|---|---|---|---|
| Central Library (CL) | Central Library (CL) | General Stacks | 10/29/2005 | Academic Book company | 748.44 | 13 | 3 | 530 YOU | SEECS006631 | 05/31/2025 | 09/23/2024 | 01/05/2017 | Book | ||||||
| Central Library (CL) | Central Library (CL) | General Stacks | 10/29/2005 | Academic Book company | 748.44 | 11 | 3 | 530 YOU | SEECS006632 | 03/09/2023 | 02/23/2023 | 01/05/2017 | Book | ||||||
| Central Library (CL) | Central Library (CL) | General Stacks | 10/29/2005 | Academic Book company | 748.44 | 14 | 11 | 530 YOU | SEECS006629 | 08/18/2025 | 08/18/2025 | 01/05/2017 | Book | 09/17/2025 | |||||
| Central Library (CL) | Central Library (CL) | General Stacks | 10/29/2005 | Academic Book company | 748.44 | 7 | 3 | 530 YOU | SEECS006630 | 08/28/2023 | 11/22/2021 | 01/05/2017 | Book | ||||||
| Central Library (CL) | Central Library (CL) | General Stacks | 11/20/2003 | New Public Book | 1206.91 | 7 | 9 | 530 YOU | SEECS003964 | 02/26/2022 | 11/18/2021 | 01/05/2017 | Book | ||||||
| Central Library (CL) | Central Library (CL) | General Stacks | 06/09/2001 | 4 | 6 | 530 YOU | SEECS000902 | 03/31/2022 | 11/21/2021 | 01/05/2017 | Book |
